Politika financovania verejného sektora

Bibliographic Details
Main Authors: Šulajová, Irena, 1938- (Author), Králik, Ján (Author)
Format: Book
Language:Slovak
PhysicalDescription:233 s. sch., tab. 25 cm
Published: Banská Bystrica Univerzita Mateja Bela 2001
ISBN:8080554668
Subjects:

MARC

LEADER 00000nam a2200000 a 4500
001 vtls001418900
003 SK-MaSNL
005 20260301012728.0
008 240315s2001 xo ap r yy slo
015 |a SNBA2001/11-03700 
020 |a 8080554668 
035 |a SNK000373707 
035 |a urn:nbn:sk:snk-amkn91 
035 |a urn:nbn:sk:snk-am0089je 
035 |a 50778833-A59A-4A53-A24B-E3153D864E1E 
040 |a SNK  |b slo  |c SNK  |e AACR2 
041 0 |a slo 
044 |a xo  |c SK 
080 |a 338.46:336.1/.5  |2 1981 
080 |a 336.1/.5  |2 1981 
100 1 |a Šulajová, Irena,  |d 1938-  |4 aut  |9 98312 
245 1 |a Politika financovania verejného sektora  |c Irena Šulajová, Ján Králik 
260 |a Banská Bystrica  |b Univerzita Mateja Bela  |c 2001 
300 |a 233 s.  |b sch., tab.  |c 25 cm 
500 |a 350 výt. 
650 0 7 |a sektor verejný  |x financovanie  |x príručky  |2 SNK  |9 298237 
655 7 |a príručky  |2 SNK  |9 74364 
700 1 |a Králik, Ján  |4 aut  |9 5477 
919 |a 80-8055-466-8 
958 |a TL 
958 |a NB 
999 |c 554256  |d 556186 
952 |t P60, <03>, [BOOK], {603}  |a SNK  |b SNK  |y PREZ  |7 0  |p 17A0312069  |o snkSC 105763  |i snkKSP 9942/2001  |0 0  |1 0  |4 0  |d 2001-08-22  |f 1  |l 0  |r 2025-09-26 00:00:00  |w 2026-02-23 
952 |t P60, <04>, [BOOK], {604}  |a SNK  |b SNK  |y VYP  |7 0  |p 17A0312070  |o snkSC 105763 D1  |i snkKSP 9943/2001  |0 0  |1 0  |4 0  |d 2001-08-22  |l 0  |r 2005-01-02 00:00:00  |w 2026-02-23